[Event "Kampala Kireka op 4th"]
[Site "Kampala"]
[Date "2019.12.28"]
[Round "3"]
[White "Ojok, Patrick"]
[Black "Pachol, James Madol"]
[Result "0-1"]
[WhiteElo "1762"]
[BlackElo "1988"]
[PlyCount "62"]
[EventDate "2019.12.27"]
[EventType "swiss"]
[EventRounds "8"]
[EventCountry "UGA"]
[SourceTitle "EXT 2022"]
[Source "ChessBase"]
[SourceDate "2021.10.06"]
[SourceVersion "1"]
[SourceVersionDate "2021.10.06"]
[SourceQuality "1"]

1. e4 c5 2. Nf3 d6 3. d4 cxd4 4. Nxd4 Nf6 5. Nc3 a6 6. a4 g6 7. Be2 Bg7 8. 0-0 0-0 9. Kh1 b6 10. f4 Bb7 11. Bf3 e5 12. fxe5 dxe5 13. Nb3 Nbd7 14. Be3 Qc7 15. Qe2 Rac8 16. Qf2 h6 17. Rfd1 Rfd8 18. Rd2 Bf8 19. Rad1 Bb4 20. Bxh6 Bxc3 21. bxc3 Bxe4 22. Bg5 Re8 23. Qh4 Bxf3 24. gxf3 Qxc3 25. Rd3 Qc6 26. Kg1 e4 27. Rd6 Qxc2 28. R1d2 Qb1+ 29. Rd1 Qxb3 30. Bxf6 Nxf6 31. Qxf6 Qe3+ 0-1

[Event "Kampala Kireka op 4th"]
[Site "Kampala"]
[Date "2019.12.27"]
[Round "2"]
[White "Pachol, James Madol"]
[Black "Tumusiime, Anthony"]
[Result "1-0"]
[WhiteElo "1988"]
[BlackElo "1616"]
[PlyCount "51"]
[EventDate "2019.12.27"]
[EventType "swiss"]
[EventRounds "8"]
[EventCountry "UGA"]
[SourceTitle "EXT 2021"]
[Source "ChessBase"]
[SourceDate "2020.10.23"]
[SourceVersion "1"]
[SourceVersionDate "2020.10.23"]
[SourceQuality "1"]

1. e4 e6 2. Nc3 c5 3. Nf3 Nc6 4. Bb5 a6 5. Bxc6 bxc6 6. 0-0 Nf6 7. d3 Be7 8. b3 Qc7 9. Na4 e5 10. Nd2 d6 11. Nc4 Rb8 12. f4 0-0 13. fxe5 dxe5 14. h3 h6 15. Bb2 Nd7 16. Qh5 Bf6 17. Rf2 Re8 18. Bc1 Rb4 19. Bd2 Rxa4 20. bxa4 Qd8 21. a5 Qe7 22. Be3 Nf8 23. Rb1 Qa7 24. Nb6 Bd7 25. Bxc5 Be6 26. Rxf6 1-0